000 00724nam a22001817a 4500
003 OSt
005 20250829050852.0
008 250829b |||||||| |||| 00| 0 eng d
020 _a9781446270622
040 _aDWC-Main Lib.
_cOC
100 _aCARROLL, MIKE
245 _aUnderstanding teaching and learning in primary education/
_cCARROLL, MIKE
260 _aLondon :
_bSAGE,
_cc2014.
300 _axxiv, 323 pages :
_billustrations ;
_c23 cm.
504 _aIncludes bibliographical references
650 _a1. Elementary school teaching--Great Britain. 2. Education, Elementary--Great Britain. 3. Education, Elementary. I. Carroll, Mike. II. McCulloch, Margaret. III. Title.
942 _2ddc
_cBK-CIRC
_hCirc.
_n0
999 _c4330
_d4330